Microsoft office 97
The book guide to use each of the following software appications: Word, Excel, Powerpoint, Outlook, and apply to other applications. For example, the formatting features in Word will apply to formatting text in Excel, Powerpoint, and in many cases even Outlook
Salvato in:
| Autore principale: | |
|---|---|
| Natura: | Libro |
| Lingua: | Undetermined |
| Pubblicazione: |
Indianapolis, Indiana
Que
1998
|
| Soggetti: | |
| Tags: |
Aggiungi Tag
Nessun Tag, puoi essere il primo ad aggiungerne! !
|
| Thư viện lưu trữ: | Trung tâm Học liệu Trường Đại học Cần Thơ |
|---|
| LEADER | 00794nam a2200205Ia 4500 | ||
|---|---|---|---|
| 001 | CTU_28323 | ||
| 008 | 210402s9999 xx 000 0 und d | ||
| 020 | |b 210.000đ | ||
| 082 | |a 005.15 | ||
| 082 | |b W283 | ||
| 100 | |a Warner, Nancy D. | ||
| 245 | 0 | |a Microsoft office 97 | |
| 245 | 0 | |c Nancy D. Warner | |
| 260 | |a Indianapolis, Indiana | ||
| 260 | |b Que | ||
| 260 | |c 1998 | ||
| 520 | |a The book guide to use each of the following software appications: Word, Excel, Powerpoint, Outlook, and apply to other applications. For example, the formatting features in Word will apply to formatting text in Excel, Powerpoint, and in many cases even Outlook | ||
| 650 | |a Microsoft office ( computer programs ) | ||
| 904 | |i Minh, QHieu | ||
| 980 | |a Trung tâm Học liệu Trường Đại học Cần Thơ | ||